Регионална библиотека "Любен Каравелов" - Русе

Естетика (Запис номер 437945)

MARC детайли
000 -Лидер
Контролно поле с фиксирана дължина nam a22 a 4500
003 - Код на организацията, давaща контролен номер
Контролно поле BLK
005 - Дата и час на последна редакция
Контролно поле 20211123160822.0
008 - Елементи от данни с фиксирана дължина
fixed length control field 180410b bul|||||r ||||||| ||bul||
040 ## - Източник на каталожния запис
Идентификатор на билиотеката - собственик на записа BLK
041 ## - Код за език
Код за езика на текст/звукозапис или на отделно заглавие Български
Код за езика КДБФ Български
080 ## - УДК
Текстов определител УДК Естетика
УДК код - определител по УДК 18
УДК определител (091)
УДК - код + определител 18(091)
100 1# - Редна дума - Автор
Автор Илиев, Атанас
Авторска отговорност първи автор
R(LIN) 378263
139 ## - Редно поле
Редна дума Илиев, Атанас
Авторски знак Илие - И 52
245 10 - Сведения за заглавието
Заглавие Естетика
Редно поле (дума) Атанас Илиев.
250 ## - Област на изданието
Сведения за изданието 2. изд.
257 ## - Страна на издаване
Страна на създаване/издаване България
260 ## - Област на издателските данни
Име на издателя, разпространителя и проч. Наука и изкуство
Година на издаване 1958
Място на издаване, разпространение и проч. София
300 ## - Физическа характеристика
Страници 272 с.
Размери/Мащаб 25 см
380 ## - Жанр
Жанр Философия
500 ## - Общи забележки
Забележка 1. изд. 1955. - 2 060 тир.
650 #4 - Допълнително описание по предмет – тема
Основно описание – тема или топоним Естетика - история
9 (RLIN) 287886
653 ## - Ключова дума – ненормативна
Ключова дума естетика
653 ## - Ключова дума – ненормативна
Ключова дума история
852 ## - Местоположение
Форматна сигнатура Цб 9634
Фондова буква Основен фонд - ползва се само за читалня
999 ## - СИСТЕМНИ КОНТРОЛНИ НОМЕРА
Koha biblionumber 437945
Koha biblioitemnumber 437945
942 ## - АРТИКУЛИ
Вид на библиотечния материал Книги
Скрит в OPAC Не
Периодичен библиозапис Да
944 ## - СЪЗДАВАНЕ И РЕДАКЦИЯ на ЗАПИСА
Създаване/Редакция Създаване
Дата на регистрацията/редакция 2021-11-23
Наличности
Код за отписване Код за изгубен артикул Източник на класификационната схема Код за повреда Коз за рестрикции Код за отдаване Артикулен № Име на библиотеката - собственик Име на библиотеката, в която се намира в момента Статус (Текущо местоположение) Дата на вписване в системата Местоположение - отдел Цена в лева Инвентарен номер Систематично азбучна сигнатура Баркод Цена в евро Служебен тип на артикула
  Не е изгубен Universal Decimal Classification Не е повреден само за читалня ползва се в читалня 863528 Регионална библиотека "Любен Каравелов" Русе Регионална библиотека "Любен Каравелов" Русе Хранилище 2021-11-24 Основен фонд - ползва се само за читалня 0.91 4163/58 Цб 9634 900000071689 0.47 Книги
Vip Innovations Ltd, Rousse, Bulgaria 2025